| 000 | 01295 a2200265 4500 | ||
|---|---|---|---|
| 003 | NUST | ||
| 005 | 20221224154210.0 | ||
| 010 | _a 2004301712 | ||
| 020 | _a0131416014 | ||
| 035 | _a(OCoLC)ocm55472736 | ||
| 040 | _cNust | ||
| 082 | 0 | 0 | _a621.3845,VAN |
| 100 | 1 |
_aVanghi, Vieri. _9105825 |
|
| 245 | 1 | 4 |
_aThe cdma2000 system for mobile communications / _cVieri Vanghi, Aleksandar Damnjanovic, Branimir Vojcic. |
| 260 |
_aUpper Saddle River, NJ : _bPrentice Hall PTR, _cc2004. |
||
| 300 |
_axv, 501 p. : _bill. ; _c25 cm. |
||
| 440 | 0 |
_aPrentice Hall communications engineering and emerging technologies series _994472 |
|
| 505 | 0 | _aIntroduction (Page-1), Architecture (Page-43), Applications And Services (Page-83), IS-2000 Physical Layer (Page-111), IS-2000 Layer 2 (Page-179), IS-2000 Layer 3 Protocol (Page-223), Handoffs (Page-289), Power Control (Page-335), Packet Data Operation (Page-361), Radio Access Network Performance (Page-409), CDMA 2000 End To End Network Operations (Page-461). | |
| 650 | 0 |
_aCode division multiple access _xStandards. _9105826 |
|
| 650 | 0 |
_aMobile communication systems. _918556 |
|
| 650 | 0 |
_aSpread spectrum communications. _997936 |
|
| 700 | 1 |
_aDamnjanovic, Aleksandar. _9105827 |
|
| 700 | 1 |
_aVojcic, Branimir. _9105828 |
|
| 942 |
_2ddc _cBK _k621.3845,VAN |
||
| 999 |
_c183497 _d183497 |
||